[Event "Madrid San Viator op 25th"]
[Site "Madrid"]
[Date "2015.10.25"]
[Round "5"]
[White "Del Noval Nemeshazi, Nesztor"]
[Black "Quijano Cabrera, Adelardo"]
[Result "1-0"]
[WhiteElo "1810"]
[BlackElo "1651"]
[PlyCount "95"]
[EventDate "2015.10.04"]
[EventType "swiss"]
[EventRounds "9"]
[EventCountry "ESP"]
[SourceTitle "CBM 169 Extra"]
[Source "ChessBase"]
[SourceDate "2015.12.18"]
[SourceVersion "1"]
[SourceVersionDate "2015.12.18"]
[SourceQuality "1"]

1. e4 c5 2. Nf3 d6 3. d4 cxd4 4. Nxd4 Nf6 5. Nc3 g6 6. Be3 Bg7 7. f3 0-0 8. Qd2 Nc6 9. 0-0-0 d5 10. Nxc6 bxc6 11. exd5 Nxd5 12. Nxd5 cxd5 13. Qxd5 Qc7 14. Qc5 Qb7 15. Bd4 Bf5 16. c4 Rac8 17. Qa3 Rfd8 18. Bxg7 Rxd1+ 19. Kxd1 Qd7+ 20. Kc1 Rd8 21. Bd3 Bxd3 22. Bh6 Bxc4 23. Qc3 Qd4 24. Qxd4 Rxd4 25. b3 Be6 26. Rd1 Rxd1+ 27. Kxd1 f6 28. Kc2 Kf7 29. a4 Ke8 30. b4 a6 31. b5 axb5 32. axb5 Bd5 33. Kc3 Kd7 34. Kb4 e6 35. Bf4 Kc8 36. Kc5 Kb7 37. Be3 Kc7 38. b6+ Kb7 39. Kd6 h5 40. Ke7 g5 41. Kxf6 g4 42. fxg4 hxg4 43. h3 gxh3 44. gxh3 Bc4 45. h4 Kc8 46. h5 Kd7 47. h6 Bd3 48. Kg7 1-0

[Event "Madrid-ch Previa-A"]
[Site "Madrid"]
[Date "2014.02.18"]
[Round "8"]
[White "Rodriguez Bachiller, Luis"]
[Black "Quijano Cabrera, Adelardo"]
[Result "1/2-1/2"]
[WhiteElo "1771"]
[BlackElo "1710"]
[PlyCount "106"]
[EventDate "2014.02.03"]
[EventType "swiss"]
[EventRounds "9"]
[EventCountry "ESP"]
[SourceTitle "EXT 2015"]
[Source "ChessBase"]
[SourceDate "2014.11.20"]
[SourceVersion "1"]
[SourceVersionDate "2014.11.20"]
[SourceQuality "1"]

1. e4 c5 2. Nf3 d6 3. d4 cxd4 4. Qxd4 Nc6 5. Bb5 Bd7 6. Bxc6 Bxc6 7. Nc3 Nf6 8. Bg5 g6 9. 0-0-0 Bg7 10. Qd3 0-0 11. Rhe1 Qa5 12. Qd2 Rfe8 13. Kb1 Rac8 14. Nd4 Qb6 15. Nb3 Nd7 16. Be3 Bxc3 17. Qxc3 Qc7 18. f3 Ba4 19. Qxc7 Rxc7 20. Rd4 Bxb3 21. cxb3 Rec8 22. Rc1 b6 23. Rxc7 Rxc7 24. Rc4 Rxc4 25. bxc4 Kg7 26. Kc2 Kf6 27. Kc3 Ke6 28. b4 Ne5 29. a4 Nd7 30. Bd4 Ne5 31. b5 Nd7 32. a5 Nc5 33. a6 f6 34. g4 h6 35. Be3 g5 36. Bf2 Ke5 37. Bg3+ Ke6 38. h4 Nd7 39. Bf2 Ke5 40. Bg3+ Ke6 41. f4 Nc5 42. f5+ Kd7 43. Kd4 e6 44. fxe6+ Kxe6 45. h5 Nd7 46. Bf2 Nc5 47. Be3 Nd7 48. Bf2 Ne5 49. Kc3 Nd7 50. Bd4 Nc5 51. Kc2 Nd7 52. Kd2 Nc5 53. Ke2 Nd7 1/2-1/2

[Event "Madrid-ch Previa-A"]
[Site "Madrid"]
[Date "2014.02.17"]
[Round "7"]
[White "Quijano Cabrera, Adelardo"]
[Black "Olano Lanchas, Dionisio"]
[Result "1/2-1/2"]
[WhiteElo "1710"]
[BlackElo "1761"]
[PlyCount "109"]
[EventDate "2014.02.03"]
[EventType "swiss"]
[EventRounds "9"]
[EventCountry "ESP"]
[SourceTitle "EXT 2015"]
[Source "ChessBase"]
[SourceDate "2014.11.20"]
[SourceVersion "1"]
[SourceVersionDate "2014.11.20"]
[SourceQuality "1"]

1. d4 d5 2. c4 e6 3. Nc3 Bb4 4. Nf3 Ne7 5. Bf4 Nbc6 6. e3 0-0 7. Bd3 Bxc3+ 8. bxc3 h6 9. Ne5 Nxe5 10. Bxe5 Nc6 11. Bf4 Ne7 12. h4 dxc4 13. Bxc4 Nd5 14. Bxd5 exd5 15. Rb1 b6 16. Qf3 Ba6 17. Qg3 Bd3 18. Rd1 Bc4 19. Bxh6 Qf6 20. Bf4 Qf5 21. h5 Qc2 22. Qg4 Qxc3+ 23. Rd2 Qc1+ 24. Rd1 Qc2 25. h6 Qh7 26. hxg7 Qxh1+ 27. Kd2 Qh7 28. gxf8Q+ Kxf8 29. Kc3 f5 30. Qh3 Qxh3 31. gxh3 Bxa2 32. Kb2 Bc4 33. Bxc7 Kf7 34. h4 Rg8 35. Rh1 Kg6 36. h5+ Kh6 37. Bf4+ Kh7 38. Bg3 b5 39. Ra1 Rg7 40. Ra6 Rf7 41. Bb8 b4 42. Rxa7 Rxa7 43. Bxa7 Kh6 44. Bb8 Kxh5 45. Bg3 Kg4 46. Kc2 Kf3 47. Kd2 Bb3 48. Bd6 Kxf2 49. Bxb4 Bc4 50. Bd6 Kf3 51. Bf4 Ke4 52. Bg5 Bf1 53. Bf4 Kf3 54. Bg5 Bc4 55. Bf4 1/2-1/2